| 000 | 01487cam a22003857a 4500 | ||
|---|---|---|---|
| 003 | CHAP | ||
| 005 | 20220329141939.0 | ||
| 008 | 980907d1997 mx rs o 0110 spa d | ||
| 010 | _a76114 | ||
| 011 | _a77086 | ||
| 020 | _a9701317238 | ||
| 035 | _a86685 | ||
| 040 | _cCHAP | ||
| 082 | 0 | 4 |
_a331 _bI5e Oax. |
| 110 | 2 |
_aInstituto Nacional de Estadística, Geografía e Informática. México _959304 |
|
| 245 | 1 | 0 |
_aInformación estadística sobre relaciones laborales de jurisdicción local : _bOaxaca _c/por Instituto Nacional de Estadística, Geografía e Informática |
| 260 |
_aAguascalientes, Ags. : _bInstituto Nacional de Estadística, Geografía e Informática, _c1997- |
||
| 300 |
_av. _bcuadros |
||
| 410 | 2 | 1 | _aINEGI |
| 490 | 0 | _aCuaderno | |
| 500 | _aContinua como : Estadísticas sobre relaciones laborales de jurisdicción local | ||
| 500 | _aLa biblioteca tiene : 1985-1995, 1996-1997 | ||
| 590 |
_aBATCH-UPD _b10 _c20130110 _lUCH01 _h0445 |
||
| 590 |
_aBATCH-UPD _b10 _c20130110 _lUCH01 _h2149 |
||
| 590 |
_aCONVERSION _b10 _c20130109 _lUCH01 _h1342 |
||
| 650 | 1 | 4 |
_aHuelgas. _956642 |
| 650 | 1 | 4 |
_aTrabajo y trabajadores _zOaxaca. _9114555 |
| 810 | 0 | 0 |
_aINEGI _958045 |
| 830 | 0 | 0 |
_aCuaderno _929704 |
| 901 | _aBK | ||
| 905 | _aGuadalupe Pinto C. | ||
| 942 | _cLIBRO | ||
| 949 |
_a331 I5e Oax. _bBC _cINEGI _d33724000702759 _eINEGI _f1985-95 _h94047 _i86685 _kDonaciØn _sb |
||
| 949 |
_a331 I5e Oax. _bBC _cINEGI _d33724000757084 _eINEGI _f1996-97 _h97596 _i86685 _kDonaciØn _sb |
||
| 999 |
_c76114 _d76114 |
||